|
|
|
|
| LEADER |
01401nam a22003374a 4500 |
| 001 |
35337 |
| 003 |
BD-DhAAL |
| 005 |
20211129124723.0 |
| 008 |
190911t2000 deua b 001 0 eng |
| 999 |
|
|
|c 41203
|d 41203
|
| 010 |
|
|
|a 00027277
|
| 020 |
|
|
|a 0872072665
|
| 020 |
|
|
|a 9780872072664
|
| 040 |
|
|
|a DLC
|c DLC
|d DLC
|d BD-DhAAL
|
| 042 |
|
|
|a pcc
|
| 043 |
|
|
|a n-us---
|
| 050 |
0 |
0 |
|a LB1632
|b .M63 2000
|
| 082 |
0 |
0 |
|a 428.40712
|2 21
|
| 100 |
1 |
|
|a Morretta, Teresa M.
|9 34405
|
| 245 |
1 |
0 |
|a Practical approaches for teaching reading and writing in middle schools /
|c Teresa M. Morretta and Michelle Ambrosini.
|
| 260 |
|
|
|a Newark, Del. :
|b International Reading Association,
|c c2000.
|
| 300 |
|
|
|a xii, 111 pages :
|b illustrations ;
|c 23 cm.
|
| 504 |
|
|
|a Includes bibliographical references (p. 101-104) and index.
|
| 526 |
|
|
|a BIED
|
| 541 |
|
|
|a Complimentary copy from BIED
|e 35337
|
| 650 |
|
0 |
|a Reading (Middle school)
|z United States.
|9 34406
|
| 650 |
|
0 |
|a English language
|x Composition and exercises
|x Study and teaching (Middle school)
|z United States.
|9 34407
|
| 700 |
1 |
|
|a Ambrosini, Michelle.
|9 34408
|
| 852 |
|
|
|a Ayesha Abed Library
|c BIED Collection
|
| 942 |
|
|
|2 ddc
|c BK
|
| 952 |
|
|
|0 0
|1 0
|2 ddc
|4 0
|6 428_407120000000000_MOR
|7 0
|9 66237
|a BRACUL
|b BRACUL
|c GEN
|d 2019-09-11
|e Complimentary copy from BIED
|l 0
|o 428.40712 MOR
|p 3010035337
|r 2019-09-11
|t 1
|w 2019-09-11
|y BK
|x Transferred from BIED to General Stacks
|